[Event "HUN-chT2 Erkel 1415"]
[Site "Hungary"]
[Date "2015.04.26"]
[Round "9.3"]
[White "Nagyajtai, Gabor"]
[Black "Paal, Attila"]
[Result "0-1"]
[WhiteElo "2157"]
[BlackElo "2110"]
[PlyCount "120"]
[EventDate "2014.09.28"]
[EventType "team-tourn"]
[EventRounds "9"]
[EventCountry "HUN"]
[SourceTitle "EXT 2016"]
[Source "ChessBase"]
[SourceDate "2015.10.08"]
[SourceVersion "1"]
[SourceVersionDate "2015.10.08"]
[SourceQuality "1"]
[WhiteTeam "GBSE"]
[BlackTeam "Andornaktalya"]
[WhiteTeamCountry "HUN"]
[BlackTeamCountry "HUN"]

1. c4 Nf6 2. Nc3 Nc6 3. d4 e5 4. d5 Ne7 5. e4 Ng6 6. h4 h5 7. Bg5 Be7 8. Be2 d6 9. Bxf6 Bxf6 10. g3 Bxh4 11. Bxh5 Bg5 12. Qf3 Qf6 13. Bxg6 Rxh1 14. Bxf7+ Kxf7 15. Qxh1 Bg4 16. f3 Bd7 17. Ke2 Ke7 18. Rf1 Rf8 19. Kd3 Bh6 20. Nge2 g5 21. Qg1 Bg4 22. fxg4 Qxf1 23. Qxa7 Qf3+ 24. Kc2 Qxg4 25. Qxb7 Qc8 26. Qa7 g4 27. Nb5 Qb8 28. Qa4 Qb6 29. Nbc3 Qe3 30. Qc6 Qb6 31. Qa4 Rf2 32. b4 Qe3 33. Qc6 Rxe2+ 34. Nxe2 Qxe2+ 35. Kc3 Qe3+ 36. Kc2 Qxe4+ 37. Kb3 Qe3+ 38. Ka4 Qb6 39. Qa8 Bd2 40. a3 Kd7 41. Qg8 Qa7+ 42. Kb5 Qb6+ 43. Ka4 c5 44. Qxg4+ Kc7 45. Qg7+ Kb8 46. Qf8+ Kb7 47. Qe7+ Qc7 48. Qxc7+ Kxc7 49. bxc5 dxc5 50. Kb3 Bg5 51. Kc2 e4 52. Kd1 Kb6 53. Ke2 Ka5 54. g4 Ka4 55. d6 Kxa3 56. d7 Kb4 57. d8Q Bxd8 58. Ke3 Kxc4 59. Kxe4 Kb3 60. Ke5 c4 0-1

[Event "HUN-chT2 Erkel 1415"]
[Site "Hungary"]
[Date "2014.10.05"]
[Round "1.4"]
[White "Koczka, Zsolt"]
[Black "Paal, Attila"]
[Result "1-0"]
[WhiteElo "2246"]
[BlackElo "2110"]
[PlyCount "75"]
[EventDate "2014.09.28"]
[EventType "team-tourn"]
[EventRounds "9"]
[EventCountry "HUN"]
[SourceTitle "EXT 2016"]
[Source "ChessBase"]
[SourceDate "2015.10.08"]
[SourceVersion "1"]
[SourceVersionDate "2015.10.08"]
[SourceQuality "1"]
[WhiteTeam "HASE"]
[BlackTeam "Andornaktalya"]
[WhiteTeamCountry "HUN"]
[BlackTeamCountry "HUN"]

1. d4 Nf6 2. c4 e6 3. Nf3 c5 4. e3 cxd4 5. Nxd4 d5 6. Nc3 Be7 7. cxd5 Nxd5 8. Bb5+ Kf8 9. 0-0 Nxc3 10. bxc3 g6 11. Qf3 e5 12. Bc4 Bf6 13. Nb5 Kg7 14. Rd1 Nd7 15. Nd6 Qc7 16. Ba3 Nc5 17. Bxc5 Qxc5 18. Qxf6+ Kxf6 19. Ne4+ Ke7 20. Nxc5 Bg4 21. f3 Rac8 22. fxg4 Rxc5 23. Bd5 Rxc3 24. e4 b6 25. Rac1 Rhc8 26. Rxc3 Rxc3 27. g5 f5 28. exf5 gxf5 29. Bg8 Rc8 30. Bxh7 Ke6 31. Rf1 Rf8 32. g4 f4 33. h4 Rh8 34. Bf5+ Kf7 35. h5 Rd8 36. h6 Rg8 37. g6+ Kf6 38. Rd1 1-0

[Event "HUN-chT2 Erkel 1314"]
[Site "Hungary"]
[Date "2014.04.13"]
[Round "10.2"]
[White "Paal, Attila"]
[Black "Teglas, Marton"]
[Result "1/2-1/2"]
[WhiteElo "2161"]
[BlackElo "2126"]
[PlyCount "118"]
[EventDate "2013.09.08"]
[EventType "team-tourn"]
[EventRounds "11"]
[EventCountry "HUN"]
[SourceTitle "EXT 2016"]
[Source "ChessBase"]
[SourceDate "2015.10.08"]
[SourceVersion "1"]
[SourceVersionDate "2015.10.08"]
[SourceQuality "1"]
[WhiteTeam "Andornaktalya"]
[BlackTeam "Pestszentlorinc"]
[WhiteTeamCountry "HUN"]
[BlackTeamCountry "HUN"]

1. e4 c5 2. Nf3 a6 3. c4 Nc6 4. d4 cxd4 5. Nxd4 e6 6. Nc3 Bc5 7. Nb3 Ba7 8. c5 b6 9. Bf4 bxc5 10. Bd6 Nge7 11. Nxc5 Qa5 12. Nb3 Qg5 13. g3 h5 14. f4 Qg6 15. Bg2 h4 16. Qd3 Bb7 17. 0-0-0 Rd8 18. Bc7 0-0 19. Bxd8 Rxd8 20. e5 Qxd3 21. Rxd3 Nxe5 22. fxe5 Bxg2 23. Rhd1 Nd5 24. Nxd5 Bxd5 25. gxh4 Kh7 26. Rxd5 exd5 27. Rxd5 Be3+ 28. Kc2 Bf4 29. Nc5 Bxh2 30. Nxd7 Bxe5 31. b4 Kh6 32. Kd3 Bg3 33. h5 f6 34. a4 Be5 35. Ke4 Rc8 36. Nxe5 fxe5 37. Rc5 Rb8 38. b5 axb5 39. axb5 Kxh5 40. Kxe5 g5 41. Kf6 Kh4 42. Kf5 g4 43. Kf4 Ra8 44. Rc6 Ra4+ 45. Ke3 Rb4 46. b6 Kg3 47. Rh6 Kg2 48. Kd3 g3 49. Kc3 Rb1 50. Kc4 Kf3 51. Rf6+ Ke2 52. Rg6 Kf2 53. Rf6+ Kg1 54. Kc5 g2 55. Rg6 Kf2 56. Kc6 Rc1+ 57. Kd7 Rd1+ 58. Kc7 Rc1+ 59. Kd7 Rb1 1/2-1/2

[Event "HUN-chT2 Erkel 1213"]
[Site "Hungary"]
[Date "2012.12.02"]
[Round "5.3"]
[White "Paal, Attila"]
[Black "Ujj, Daniel"]
[Result "1-0"]
[WhiteElo "2165"]
[BlackElo "2258"]
[PlyCount "77"]
[EventDate "2012.09.16"]
[EventType "team-tourn"]
[EventRounds "11"]
[EventCountry "HUN"]
[SourceTitle "EXT 2014"]
[Source "ChessBase"]
[SourceDate "2013.11.20"]
[SourceVersion "1"]
[SourceVersionDate "2013.11.20"]
[SourceQuality "1"]
[WhiteTeam "Andornaktalya"]
[BlackTeam "Paszto"]
[WhiteTeamCountry "HUN"]
[BlackTeamCountry "HUN"]

1. Nc3 c5 2. Nf3 e6 3. e4 Nc6 4. d4 cxd4 5. Nxd4 Qc7 6. g3 a6 7. Bg2 Nf6 8. 0-0 Nxd4 9. Qxd4 Bc5 10. Qd3 Ng4 11. Bf4 Ne5 12. Bxe5 Qxe5 13. Rad1 0-0 14. Kh1 Qc7 15. f4 d6 16. f5 f6 17. fxe6 Bxe6 18. Nd5 Qf7 19. b3 Rad8 20. Nf4 Kh8 21. Nxe6 Qxe6 22. Qd5 Qe7 23. c3 a5 24. b4 axb4 25. cxb4 Be3 26. Rf3 Bg5 27. Rc3 g6 28. b5 Bh6 29. b6 Rc8 30. Rxc8 Rxc8 31. a4 Be3 32. a5 Rc6 33. Qd3 Rc1 34. Rxc1 Bxc1 35. Qc3 Bh6 36. Qc8+ Kg7 37. Qc7 Kf7 38. Qxe7+ Kxe7 39. a6 1-0